The Avengers - Statistics

General Stats
  • This quiz has been taken 47 times
    37 since last reset
  • The average score is 21 of 28
Answer Stats
Hint Answer % Correct
Iron Man Iron Man
100%
Guardian of the Galaxy Groot
97%
Very buff Hulk
97%
Guardian of the Galaxy Rocket
97%
Spider Pig Spiderman
97%
Guardian of the Galaxy Star Lord
97%
A Norse God Thor
97%
The Man with the Plan Captain America
94%
Guardian of the Galaxy Gamora
94%
Robin Hood Hawkeye
94%
Named after a spider Black Widow
90%
Guardian of the Galaxy Drax
90%
Shrinks Ant Man
87%
He's fast Quicksilver
84%
Friend of above Bucky
81%
Friend of Iron Man War Machine
81%
Also shrinks Wasp
74%
Stephen Strange Dr Strange
68%
Guardian of the Galaxy Nebula
68%
And she's weird Wanda
65%
Friend of above's above Falcon
61%
Cat Black Panther
58%
Guardian of the Galaxy Mantis
58%
The second Avenger Captain Marvel
52%
"I can half see that!" Nick Fury
48%
Guardian of the Galaxy Yondu
35%
The rook in the Avengers Vision
32%
Ragnorak Valkyrie
23%
No matching quizzes found
Score Distribution
Percent of People with Each Score
Percentile by Number Answered
Your Score History
You have not taken this quiz since the last reset